Tecnología educacional para el docente
Saved in:
| Hovedforfatter: | |
|---|---|
| Format: | Bog |
| Sprog: | spansk |
| Udgivet: |
Buenos Aires
Paidós
1978
|
| Udgivelse: | 3a. ed |
| Serier: | Biblioteca del Educador Contemporáneo. Serie didáctica menor, 5
|
| Fag: | |
| Tags: |
Tilføj Tag
Ingen Tags, Vær først til at tagge denne postø!
|
MARC
| LEADER | 00000nam a2200000 a 4500 | ||
|---|---|---|---|
| 001 | UCY8657 | ||
| 003 | CL-VaPUC | ||
| 008 | 950703e19780000AG |||||||||||||||||spa|d | ||
| 082 | 0 | 4 | |a 371.3078 |b CHA |2 21 |
| 100 | 0 | |a Chadwick, Clifton B |e author |9 340252 | |
| 245 | 1 | 0 | |a Tecnología educacional para el docente |
| 250 | |a 3a. ed | ||
| 300 | |a 202 p | ||
| 942 | |c BK | ||
| 945 | |d 19950703 00:00:00 |a lriquelm | ||
| 260 | |a Buenos Aires |b Paidós |c 1978 | ||
| 650 | 0 | |a Tecnología educacional |9 307265 | |
| 650 | 0 | |a Innovaciones pedagógicas |9 307471 | |
| 650 | 0 | |a Evaluación de la educación |9 237505 | |
| 650 | 0 | |a Formación profesional de profesores |9 307493 | |
| 583 | |a last modification |c 20160914 10:46:54 |k Rodrigo Vera | ||
| 490 | 0 | |a Biblioteca del Educador Contemporáneo. Serie didáctica menor, 5 | |
| 999 | |c 235885 |d 235883 | ||
| 952 | |0 0 |1 0 |4 0 |6 371_307800000000000_CHA_1978 |7 0 |8 P |9 243582 |a BIBEDU |b BIBEDU |c BIBEDU_PB |d 2019-11-18 |i 1527479 |o 371.3078 CHA 1978 |p 1527479 |r 2024-01-25 |w 2019-11-18 |y BK |k EDU | ||
| 952 | |0 0 |1 0 |4 0 |6 371_307800000000000_CHA_1978 |7 0 |8 P |9 243583 |a BIBEDU |b BIBEDU |c BIBEDU_PB |d 2019-11-18 |i 1527487 |o 371.3078 CHA 1978 |p 1527487 |r 2024-01-25 |w 2019-11-18 |y BK |k EDU | ||